000 00465nam a22001937i 4500
001 3359
003 OSt
005 20170126082317.0
007 tu
008 161220s1996 xxu||||| |||| 00| 0 d
024 7 _a3358
_2RID
040 _cOSt
084 _a11.7
_2z
245 0 0 _aGlobalisation and Linkages to 2020. Challenges and Opportunities for OECD Countries
260 _aParis,
_c1996.
300 _a70 S. ;
_c30cm.
490 _aOECD Proceedings
110 2 _aOECD
_eEd.
942 _cB
999 _c3309
_d3309